Deutschland nach Buchstabe - T - Statistiken

Allgemein
  • Dieses Quiz wurde 75 mal gespielt
  • Das Durchschnittsergebnis liegt bei 14 aus 20
Antwortstatistiken
Hinweis Antwort % Korrekt
In diesem Bundesland befindet sich das geographische Zentrum Deutschlands Thüringen
100%
Staat in Ostafrika, der von Deutschland kolonisiert wurde Tansania
94%
Brandenburger..., Holsten..., Millern... Tor
94%
Römerstadt an der Mosel mit Porta Nigra Trier
91%
Mittelgebirge nördlich von Frankfurt Taunus
89%
Ehemals staatliches Kommunikationsunternehmen mit Sitz in Bonn Telekom
89%
Düsseldorfer Punkband (An Tagen wie diesen, Bonnie und Clyde, 10 kleine Jägermeister) Die Toten Hosen
86%
Württembergische Universitätsstadt am Neckar mit Hölderlinturm Tübingen
85%
Staat in Westafrika, der von Deutschland kolonisiert wurde Togo
83%
Berlin gilt u.a. durch das Berghain als Mekka dieser Musikrichtung Techno
79%
Fränkischer Nebenfluss des Mains durch Rothenburg, Bad Mergentheim und Wertheim Tauber
76%
See südlich von München, beliebter Wohnort reicher Menschen Tegernsee
71%
Fluss durch Bad Oldesloe und Bad Segeberg, der in Lübeck in die Ostsee mündet Trave
68%
Ehemaliger Flughafen und jetzt große Freifläche in Berlin Tempelhof
67%
Mittelgebirge in Ostwestfalen bei Bielefeld Teutoburger Wald
62%
Germanenstamm, der um 120 v.Chr. durch Frankreich, Spanien und Italien zog und fälschlich als etymologischer Ursprung des Wortes "Deutsch" gilt Teutonen
59%
Stadt zwischen Köln und Bonn östlich des Rheins an der Sieg Troisdorf
47%
Ostseebad nördlich von Lübeck mit SeaLife-Aquarium, Austragungsort der Deutschen Beachvolleyball-Meisterschaften Timmendorfer Strand
45%
Stadt und Region im Norden Westfalens in der Nähe von Osnabrück Tecklenburg
20%
Hanse- und Kaiserstadt in Nord-Sachsen-Anhalt an der Elbe mit historischer Altstadt Tangermünde
17%
Keine übereinstimmenden Quizze gefunden
Verteilung der Resultate
Anzahl Personen mit jedem Resultat
Perzentil nach korrekt beantworteten Fragen
Ihre Resultats-Entwicklung
Sie haben dieses Quiz noch nicht gespielt